| 000 | 01078nam a2200277 i 4500 | ||
|---|---|---|---|
| 003 | EG-GICUC | ||
| 005 | 20260428194325.0 | ||
| 008 | 260428s1928 fr ||||f |||| 00| 0 fre d | ||
| 040 |
_aEG-GiCUC _bfre _cEG-GiCUC _dEG-GiCUC _eRda |
||
| 082 | 0 | 4 |
_221 _a343.37 |
| 092 | 0 | 4 | _221 |
| 099 | _aLaw1 10 343.37 HE . P 1928 1009915 V2, C1 | ||
| 100 | 1 |
_aHélie, Faustin _eAuteur |
|
| 245 |
_aPratique criminelle des cours et tribunaux : _brésumé de la jurisprudence sur les codes d’instruction criminelle et pénal et sur les principales lois qui s’y rapportent. _nDeuxième partie, _pCode pénal. |
||
| 264 |
_aParis : _bLibrairie des Juris-Classeurs, Éditions Godde, _c1928. |
||
| 300 |
_a1082 pages ; _c 24 cm _billustration ; |
||
| 336 |
_2rda contenu _a texte |
||
| 337 |
_2rda medias _aOrdinateur |
||
| 338 |
_2 transporteur rda _a Ressource en ligne |
||
| 504 | _aBibliography: pages 200-250. 240-220 | ||
| 650 | 1 |
_aDroit pénal _2qrmak |
|
| 651 | 1 | _2qrmak | |
| 856 | 4 | 0 | _uhttps://fll.law.cu.edu.eg/fulltext/bks/B10-09915.pdf |
| 905 | _a162 | ||
| 942 |
_2ddc _cBK _e21 _n0 |
||
| 999 |
_c73975 _d73975 |
||